00219 a2200109 450000100060000008200180000610000150002424500260003925000060006526000300007130000080010179407 a928.91439 RIA aRiaz Ahmed aWaqas Ali WaqashUrdu a1 aLahorebsaleem Riazc1994 a208